[Event "FIDE World Youth U16 Chess Olympiad SLOVAKIA 2016"]
[Site "Poprad Tatry SLOVAKIA"]
[Date "2016.07.27"]
[Round "6"]
[Board "1"]
[White "Beukema, Jasper"]
[Black "Schneider, Jana"]
[Result "0-1"]
[WhiteElo "2163"]
[BlackElo "2135"]
[PlyCount "100"]
[EventDate "2016.07.22"]
[EventType "team"]
[EventRounds "9"]
[EventCountry "SVK"]
[WhiteTeam "Belgium"]
[BlackTeam "Germany 3"]

1. e4 e5 2. Nf3 Nc6 3. Bb5 a6 4. Ba4 Nf6 5. O-O Be7 6. Re1 b5 7. Bb3 d6 8. c3
O-O 9. h3 Na5 10. Bc2 c5 11. d4 Qc7 12. Nbd2 cxd4 13. cxd4 Nc6 14. d5 Nb4 15.
Bb1 a5 16. Nf1 Bd7 17. Bd2 Na6 18. Bd3 Bd8 19. Ng3 Qb7 20. Rc1 a4 21. Bb1 Re8
22. Nh4 g6 23. Bg5 Kg7 24. Qf3 Ng8 25. Bxd8 Raxd8 26. Qe3 Rc8 27. f4 f6 28. f5
g5 29. Nf3 Kh8 30. h4 Rxc1 31. Rxc1 gxh4 32. Nxh4 Rc8 33. Rf1 Be8 34. Kh2 Rc5
35. Ne2 Qg7 36. Rf3 Nh6 37. Qg1 Nf7 38. g4 Ng5 39. Rf1 Qh6 40. Kg3 Rc4 41. Rc1
Rxc1 42. Qxc1 Nc5 43. Qh1 Ngxe4+ 44. Bxe4 Qe3+ 45. Bf3 Ne4+ 46. Kh2 Qf2+ 47.
Qg2 Qxh4+ 48. Kg1 Nd2 49. Ng3 Qg5 50. Ne4 Qe3+ 0-1

[Event "FIDE World Youth U16 Chess Olympiad SLOVAKIA 2016"]
[Site "Poprad Tatry SLOVAKIA"]
[Date "2016.07.27"]
[Round "6"]
[Board "2"]
[White "Rogozenco, Teodora"]
[Black "Huygebaert, Batist"]
[Result "1-0"]
[WhiteElo "2044"]
[BlackElo "1850"]
[PlyCount "51"]
[EventDate "2016.07.22"]
[EventType "team"]
[EventRounds "9"]
[EventCountry "SVK"]
[WhiteTeam "Germany 3"]
[BlackTeam "Belgium"]

1. d4 Nf6 2. c4 e6 3. Nc3 Bb4 4. Qc2 Nc6 5. Nf3 d6 6. Bg5 h6 7. Bh4 g5 8. Bg3
g4 9. d5 exd5 10. cxd5 Nxd5 11. Nd2 Nxc3 12. bxc3 Ba5 13. e3 Qf6 14. Ne4 Qe7
15. Bc4 Be6 16. Bxe6 fxe6 17. h3 Qg7 18. Bh4 Rf8 19. O-O-O g3 20. Qb3 Qe5 21.
f3 Bb6 22. Bxg3 Bxe3+ 23. Kc2 Qf5 24. Qxb7 Kf7 25. Qxc6 d5 26. Rd3 1-0

[Event "FIDE World Youth U16 Chess Olympiad SLOVAKIA 2016"]
[Site "Poprad Tatry SLOVAKIA"]
[Date "2016.07.27"]
[Round "6"]
[Board "3"]
[White "Huttl, Sofie"]
[Black "Muetsch, Annmarie"]
[Result "1/2-1/2"]
[WhiteElo "1727"]
[BlackElo "2048"]
[PlyCount "85"]
[EventDate "2016.07.22"]
[EventType "team"]
[EventRounds "9"]
[EventCountry "SVK"]
[WhiteTeam "Belgium"]
[BlackTeam "Germany 3"]

1. b4 e6 2. Bb2 Nf6 3. a3 d5 4. e3 c5 5. bxc5 Bxc5 6. Nf3 Nc6 7. d4 Bd6 8. c4
O-O 9. Nc3 Ne7 10. Be2 Bd7 11. c5 Bc7 12. Rc1 Rc8 13. O-O Ng6 14. Nb5 Bb8 15.
Qb3 b6 16. cxb6 Qxb6 17. Qb4 Ne4 18. Nc3 Qxb4 19. axb4 Bd6 20. b5 Rb8 21. Rb1
Rfc8 22. Rfc1 f5 23. Nxe4 fxe4 24. Rxc8+ Rxc8 25. Ne5 Bxe5 26. dxe5 Rc2 27. Kf1
Ne7 28. Bd4 Nc8 29. Ke1 Nb6 30. Kd1 Ra2 31. f3 exf3 32. gxf3 Be8 33. h4 Bd7 34.
Ra1 Rxa1+ 35. Bxa1 Na8 36. Bd4 Nc7 37. b6 axb6 38. Bxb6 Ne8 39. Kd2 g6 40. Bd3
Ng7 41. e4 Bc6 42. Ke3 Kf7 43. Bd8 1/2-1/2

[Event "FIDE World Youth U16 Chess Olympiad SLOVAKIA 2016"]
[Site "Poprad Tatry SLOVAKIA"]
[Date "2016.07.27"]
[Round "6"]
[Board "4"]
[White "Leser, Katrin"]
[Black "Swennen, Fleur"]
[Result "1-0"]
[WhiteElo "2025"]
[BlackElo "1648"]
[PlyCount "51"]
[EventDate "2016.07.22"]
[EventType "team"]
[EventRounds "9"]
[EventCountry "SVK"]
[WhiteTeam "Germany 3"]
[BlackTeam "Belgium"]

1. e4 c6 2. d4 d5 3. Nc3 dxe4 4. Nxe4 Bf5 5. Ng3 Bg6 6. N1e2 h6 7. Nf4 Bh7 8.
Bc4 Nf6 9. O-O g6 10. c3 Bg7 11. Qb3 O-O 12. Qxb7 Nbd7 13. Qxc6 Rc8 14. Qa6 Qc7
15. Bb3 h5 16. h4 e5 17. dxe5 Nxe5 18. Nh3 Neg4 19. Bf4 Qd7 20. Rad1 Qc6 21.
Qxa7 Bh6 22. Rd6 Qe8 23. Bxh6 Nxh6 24. Rxf6 Ra8 25. Qd4 Qe7 26. Nxh5 1-0

[Event "FIDE World Youth U16 Chess Olympiad SLOVAKIA 2016"]
[Site "Poprad Tatry SLOVAKIA"]
[Date "2016.07.27"]
[Round "6"]
[Board "1"]
[White "Stabulnieks, Klavs"]
[Black "Durica, Adam"]
[Result "0-1"]
[WhiteElo "2099"]
[BlackElo "1944"]
[PlyCount "168"]
[EventDate "2016.07.22"]
[EventType "team"]
[EventRounds "9"]
[EventCountry "SVK"]
[WhiteTeam "Latvia"]
[BlackTeam "Slovakia LSS A"]

1. d4 Nf6 2. c4 g6 3. Nc3 Bg7 4. e4 d6 5. f3 O-O 6. Be3 e5 7. d5 Nbd7 8. Nge2
b6 9. Nc1 a5 10. Nd3 Ba6 11. b3 Ne8 12. Be2 f5 13. O-O f4 14. Bf2 Nef6 15. a3
Nh5 16. Qd2 Bf6 17. Rfc1 Bh4 18. Qe1 Bxf2+ 19. Qxf2 Kh8 20. Nb1 Rg8 21. Nd2 g5
22. b4 Ndf6 23. g4 fxg3 24. hxg3 g4 25. f4 exf4 26. gxf4 Qe7 27. Qd4 Ng3 28.
Re1 Qg7 29. Bf1 Rae8 30. Bg2 h5 31. e5 Nd7 32. Qf2 h4 33. b5 Bc8 34. e6 Nf6 35.
Ne4 Nfh5 36. Ng5 Ref8 37. Nf7+ Rxf7 38. exf7 Qxf7 39. Qd4+ Kh7 40. Ra2 h3 41.
Be4+ Nxe4 42. Qxe4+ Kh6 43. Ne5 dxe5 44. fxe5 Bf5 45. Qe3+ Kh7 46. e6 Qg6 47.
e7 Re8 48. Rd2 g3 49. Rd4 Nf6 50. d6 cxd6 51. Qf4 Qg4 52. Qxg4 Bxg4 53. Rf4 Kg7
54. Re3 Kg6 55. Rxg3 Rxe7 56. Rgxg4+ Nxg4 57. Rxg4+ Kf5 58. Rd4 Ke5 59. Rd5+
Ke6 60. Kh2 Rf7 61. Rd3 Rf4 62. Re3+ Kf5 63. Re8 Rxc4 64. Rb8 Rc2+ 65. Kxh3
Rc3+ 66. Kg2 Rxa3 67. Rxb6 d5 68. Ra6 Ke4 69. Kf2 Kd3 70. b6 d4 71. b7 Rb3 72.
Rxa5 Rxb7 73. Rd5 Re7 74. Rd8 Kc3 75. Rc8+ Kd2 76. Rd8 d3 77. Rd6 Kc2 78. Rc6+
Kd1 79. Rd6 d2 80. Rd8 Ra7 81. Kf1 Ra3 82. Kf2 Rc3 83. Rd7 Kc1 84. Ke2 Rc2 0-1

[Event "FIDE World Youth U16 Chess Olympiad SLOVAKIA 2016"]
[Site "Poprad Tatry SLOVAKIA"]
[Date "2016.07.27"]
[Round "6"]
[Board "2"]
[White "Brnusak, Andrej"]
[Black "Batashevs, Arsens"]
[Result "0-1"]
[WhiteElo "1626"]
[BlackElo "1994"]
[PlyCount "130"]
[EventDate "2016.07.22"]
[EventType "team"]
[EventRounds "9"]
[EventCountry "SVK"]
[WhiteTeam "Slovakia LSS A"]
[BlackTeam "Latvia"]

1. e4 g6 2. d4 Bg7 3. Nc3 d5 4. exd5 Nf6 5. Bc4 Nbd7 6. Nf3 Nb6 7. Bb3 a5 8. a3
O-O 9. O-O Nbxd5 10. Bd2 c6 11. Qe2 Be6 12. Ne5 Qb6 13. Qd3 Rad8 14. Na4 Qa7
15. Nc5 Bf5 16. Qe2 Nd7 17. Nexd7 Bxd7 18. c3 Rfe8 19. Nxd7 Rxd7 20. Bg5 Qb6
21. Ba2 h6 22. Bh4 e5 23. Rfe1 Re6 24. dxe5 Rxe5 25. Qc2 g5 26. Bg3 Ree7 27. h3
Nf6 28. Be5 Ne8 29. Bxg7 Kxg7 30. b4 axb4 31. axb4 Qb5 32. Qb2 Qf5 33. Rad1 Nf6
34. Bb1 Qf4 35. Qc2 h5 36. g3 Qf3 37. Qc1 Rd5 38. Rxd5 Rxe1+ 39. Qxe1 Nxd5 40.
c4 Nc3 41. Bc2 Ne2+ 42. Kh2 Nd4 43. Be4 Kf6 44. Kg1 Qe2 45. Qxe2 Nxe2+ 46. Kf1
Nc3 47. Bf3 h4 48. gxh4 gxh4 49. b5 cxb5 50. cxb5 b6 51. Bc6 Ke5 52. Kg2 Ne2
53. Be8 f5 54. Kf3 Nf4 55. Bc6 Nxh3 56. Kg2 Nf4+ 57. Kh2 Kf6 58. f3 Kg5 59. Bd7
Ng6 60. Bc6 Ne5 61. Bd5 Kf4 62. Kg2 Ke3 63. Be6 f4 64. Bd5 Nxf3 65. Bxf3 h3+
 0-1

[Event "FIDE World Youth U16 Chess Olympiad SLOVAKIA 2016"]
[Site "Poprad Tatry SLOVAKIA"]
[Date "2016.07.27"]
[Round "6"]
[Board "3"]
[White "Polyakov, Fedor"]
[Black "Brnusak, Tomas"]
[Result "1-0"]
[WhiteElo "1970"]
[BlackElo "1632"]
[PlyCount "73"]
[EventDate "2016.07.22"]
[EventType "team"]
[EventRounds "9"]
[EventCountry "SVK"]
[WhiteTeam "Latvia"]
[BlackTeam "Slovakia LSS A"]

1. d4 d5 2. c4 e6 3. Nc3 c5 4. e3 Nf6 5. Nf3 a6 6. a3 Nc6 7. Be2 dxc4 8. Bxc4
b5 9. Bb3 Bb7 10. O-O Bd6 11. d5 exd5 12. Nxd5 c4 13. Nxf6+ Qxf6 14. Bc2 Rd8
15. Qe2 Ne5 16. Nxe5 Bxe5 17. Rb1 O-O 18. f4 Bc7 19. Bd2 Rfe8 20. Bc3 Qe6 21.
Rbe1 Bb6 22. Kh1 Bxe3 23. f5 Qb6 24. Rf2 Qc6 25. Qg4 Bh6 26. Ref1 Qb6 27. Bxg7
Bxg7 28. f6 Qxf6 29. Rxf6 Re7 30. Rh6 Rd4 31. Qg3 Rd2 32. Bxh7+ Kh8 33. Qb8+
Bc8 34. Qxc8+ Rd8 35. Qxd8+ Re8 36. Qxe8+ Bf8 37. Qxf8# 1-0

[Event "FIDE World Youth U16 Chess Olympiad SLOVAKIA 2016"]
[Site "Poprad Tatry SLOVAKIA"]
[Date "2016.07.27"]
[Round "6"]
[Board "4"]
[White "Korenova, Simona"]
[Black "Limanovska, Elizabete"]
[Result "0-1"]
[WhiteElo "1638"]
[BlackElo "1929"]
[PlyCount "68"]
[EventDate "2016.07.22"]
[EventType "team"]
[EventRounds "9"]
[EventCountry "SVK"]
[WhiteTeam "Slovakia LSS A"]
[BlackTeam "Latvia"]

1. d4 Nf6 2. c4 e6 3. Nc3 Bb4 4. Qc2 O-O 5. Nf3 d5 6. cxd5 exd5 7. Bf4 c6 8. e3
Nbd7 9. Bd3 Re8 10. O-O Nf8 11. h3 Ng6 12. Bh2 Bd6 13. a3 Bxh2+ 14. Kxh2 Qe7
15. b4 Ne4 16. Rac1 Bd7 17. Na4 b6 18. Bxe4 dxe4 19. Nd2 Nh4 20. Rg1 f5 21. Nc3
Qd6+ 22. Kh1 Qh6 23. Ne2 Rac8 24. Nc4 g5 25. Ne5 Be6 26. Ng3 g4 27. Qe2 Nf3 28.
Nxf3 exf3 29. Qf1 fxg2+ 30. Qxg2 Bd5 31. e4 Rxe4 32. Nxf5 Qe6 33. hxg4 Rxg4 34.
Ne7+ Kh8 0-1

[Event "FIDE World Youth U16 Chess Olympiad SLOVAKIA 2016"]
[Site "Poprad Tatry SLOVAKIA"]
[Date "2016.07.27"]
[Round "6"]
[Board "1"]
[White "Birkisson, Bardur Orn"]
[Black "Trzaskowska, Hanna"]
[Result "1-0"]
[WhiteElo "2048"]
[BlackElo "1318"]
[PlyCount "85"]
[EventDate "2016.07.22"]
[EventType "team"]
[EventRounds "9"]
[EventCountry "SVK"]
[WhiteTeam "Iceland"]
[BlackTeam "Poland 2 - Warmia - Mazury"]

1. Nf3 c5 2. e4 d6 3. d4 cxd4 4. Nxd4 Nf6 5. Nc3 g6 6. Be3 Bg7 7. f3 Bd7 8. Qd2
O-O 9. O-O-O Nc6 10. g4 h5 11. gxh5 Nxh5 12. Kb1 Qa5 13. Nxc6 bxc6 14. Bd4 Rab8
15. b3 Bxd4 16. Qxd4 Rb4 17. Qe3 Rfb8 18. Kb2 Be6 19. f4 Qd8 20. f5 gxf5 21.
Rg1+ Ng7 22. Qh6 Qf8 23. exf5 Bxf5 24. Bd3 e6 25. Rd2 Bxd3 26. Rxd3 R8b7 27.
Rh3 f6 28. Qh7+ Kf7 29. Rhg3 Ke8 30. Rxg7 Rxg7 31. Rxg7 Qxg7 32. Qxg7 f5 33.
Qg8+ Ke7 34. h4 Rg4 35. Qh7+ Kf6 36. Qh8+ Rg7 37. h5 Kf7 38. h6 Rg8 39. Qh7+
Kf8 40. Qd7 f4 41. Ne4 Rg6 42. Nxd6 Rg7 43. Qe8# 1-0

[Event "FIDE World Youth U16 Chess Olympiad SLOVAKIA 2016"]
[Site "Poprad Tatry SLOVAKIA"]
[Date "2016.07.27"]
[Round "6"]
[Board "2"]
[White "Hrymowicz, Artur"]
[Black "Birkisson, Bjorn Holm"]
[Result "1-0"]
[WhiteElo "1744"]
[BlackElo "1977"]
[PlyCount "145"]
[EventDate "2016.07.22"]
[EventType "team"]
[EventRounds "9"]
[EventCountry "SVK"]
[WhiteTeam "Poland 2 - Warmia - Mazury"]
[BlackTeam "Iceland"]

1. e4 c5 2. Nf3 e6 3. d4 cxd4 4. Nxd4 a6 5. c4 Nf6 6. Nc3 d6 7. Be3 Qc7 8. Be2
Nbd7 9. O-O Be7 10. Rc1 b6 11. f3 Bb7 12. Qd2 Rc8 13. Rfd1 O-O 14. b3 Rfe8 15.
Qe1 Qb8 16. Qf2 Bd8 17. Nc2 Bc7 18. g3 Qa8 19. b4 Bb8 20. Na4 b5 21. cxb5 axb5
22. Bxb5 Bc6 23. Qe2 Bxb5 24. Qxb5 Ne5 25. Ne1 Nxf3+ 26. Nxf3 Qxe4 27. Qd3 Rxc1
28. Bxc1 Qxb4 29. Qb3 Qg4 30. Kg2 e5 31. h3 Qh5 32. Rf1 d5 33. Nb6 e4 34. Nd4
Qe5 35. Bb2 e3 36. Ne2 Qe4+ 37. Rf3 Nh5 38. Qxd5 Qxd5 39. Nxd5 Rd8 40. Rxe3 Ba7
41. Rd3 Re8 42. Nef4 Nxf4+ 43. Nxf4 g5 44. Nh5 Rc8 45. Rd2 h6 46. Nf6+ Kf8 47.
a4 Rc4 48. a5 Ke7 49. Rd7+ Ke6 50. Rxa7 Rc2+ 51. Kf3 Rxb2 52. Ng4 Rb3+ 53. Kg2
h5 54. Nf2 Ra3 55. a6 f5 56. Ra8 Kd7 57. a7 Kc7 58. Rh8 Rxa7 59. Rh7+ Kb6 60.
Rxa7 Kxa7 61. Kf3 Kb6 62. h4 gxh4 63. gxh4 Kc5 64. Kf4 Kd6 65. Kxf5 Ke7 66. Kg5
Kf7 67. Kxh5 Kg7 68. Kg5 Kh7 69. h5 Kg7 70. h6+ Kh7 71. Ng4 Kh8 72. Kg6 Kg8 73.
Ne5 1-0

[Event "FIDE World Youth U16 Chess Olympiad SLOVAKIA 2016"]
[Site "Poprad Tatry SLOVAKIA"]
[Date "2016.07.27"]
[Round "6"]
[Board "3"]
[White "Heimisson, Hilmir Freyr"]
[Black "Daliga, Anita"]
[Result "1-0"]
[WhiteElo "1974"]
[BlackElo "1703"]
[PlyCount "107"]
[EventDate "2016.07.22"]
[EventType "team"]
[EventRounds "9"]
[EventCountry "SVK"]
[WhiteTeam "Iceland"]
[BlackTeam "Poland 2 - Warmia - Mazury"]

1. d4 d5 2. c4 e6 3. Nc3 Nf6 4. cxd5 exd5 5. Bg5 Be7 6. e3 c6 7. Bd3 O-O 8.
Nge2 Re8 9. O-O Nbd7 10. Qc2 h6 11. Bh4 Nf8 12. Rad1 Be6 13. a3 a6 14. Qb1 Rc8
15. b4 N8d7 16. f3 Nb6 17. e4 Qc7 18. e5 Nfd7 19. Bg3 Qd8 20. h3 Nb8 21. f4 f6
22. Bh7+ Kh8 23. Bg6 Rf8 24. f5 Bf7 25. Bxf7 Rxf7 26. e6 Rf8 27. Nf4 Kg8 28.
Ng6 Re8 29. Ne2 Nc4 30. Qc1 a5 31. Nxe7+ Qxe7 32. Nf4 axb4 33. Ng6 Qd8 34. axb4
Qb6 35. Qc3 Na6 36. Rb1 Nc7 37. Rf4 Nb5 38. Qe1 Nbd6 39. e7 Ne4 40. Rxe4 dxe4
41. Qxe4 Na3 42. Qe6+ Kh7 43. Rd1 Nb5 44. Qf7 Nc7 45. Bd6 Nd5 46. Nf8+ Kh8 47.
Rd3 Ra8 48. Rg3 Qxd4+ 49. Kh2 Rxe7 50. Bxe7 Qg1+ 51. Kxg1 Ra1+ 52. Kh2 Rh1+ 53.
Kxh1 Nxe7 54. Qxg7# 1-0

[Event "FIDE World Youth U16 Chess Olympiad SLOVAKIA 2016"]
[Site "Poprad Tatry SLOVAKIA"]
[Date "2016.07.27"]
[Round "6"]
[Board "4"]
[White "Zarebska, Lena"]
[Black "Thorsteinsdottir, Svava"]
[Result "1-0"]
[WhiteElo "1406"]
[BlackElo "1313"]
[PlyCount "69"]
[EventDate "2016.07.22"]
[EventType "team"]
[EventRounds "9"]
[EventCountry "SVK"]
[WhiteTeam "Poland 2 - Warmia - Mazury"]
[BlackTeam "Iceland"]

1. e4 e5 2. f4 exf4 3. Nf3 g5 4. Bc4 Bg7 5. O-O d6 6. d4 h6 7. c3 Nc6 8. h4 Bf6
9. Re1 Nge7 10. Nh2 Ng6 11. h5 Nh4 12. Nd2 Qe7 13. Ndf3 Nxf3+ 14. Qxf3 Rg8 15.
Ng4 Bg7 16. Bd2 Bd7 17. a4 O-O-O 18. Kh1 Na5 19. b3 Rde8 20. Rab1 Nxc4 21. bxc4
Kb8 22. a5 a6 23. Rb2 c6 24. Reb1 Be6 25. d5 Bxg4 26. Qxg4 Rc8 27. Qe2 Rc7 28.
Rb6 Ka7 29. c5 Rd8 30. dxc6 Rxc6 31. Rxc6 bxc6 32. Rb6 Ka8 33. cxd6 Rxd6 34.
Qxa6+ Qa7 35. Qc8+ 1-0

[Event "FIDE World Youth U16 Chess Olympiad SLOVAKIA 2016"]
[Site "Poprad Tatry SLOVAKIA"]
[Date "2016.07.27"]
[Round "6"]
[Board "1"]
[White "Su, Zijin"]
[Black "Duong, Yisam"]
[Result "0-1"]
[WhiteElo "1628"]
[BlackElo "1948"]
[PlyCount "96"]
[EventDate "2016.07.22"]
[EventType "team"]
[EventRounds "9"]
[EventCountry "SVK"]
[WhiteTeam "China 2"]
[BlackTeam "Switzerland"]

1. e4 e5 2. Nf3 Nc6 3. Bc4 Bc5 4. d3 Nf6 5. Nc3 d6 6. Bg5 h6 7. Bxf6 Qxf6 8.
Nd5 Qd8 9. c3 a6 10. d4 exd4 11. cxd4 Ba7 12. h3 O-O 13. O-O Be6 14. Bb3 Na5
15. Bc2 c5 16. Qd3 c4 17. Qd2 Nc6 18. Nf4 d5 19. e5 Qd7 20. Nxe6 Qxe6 21. Rad1
b5 22. Qf4 f5 23. h4 Qf7 24. Rfe1 Nd8 25. e6 Nxe6 26. Qd6 Rfe8 27. Qxd5 Rad8
28. Qxf5 Qxf5 29. Bxf5 Kf7 30. d5 Nc5 31. Rxe8 Kxe8 32. Ne5 Rd6 33. Kf1 Bb6 34.
Ke2 Ke7 35. Kf3 Kf6 36. Kf4 g5+ 37. hxg5+ hxg5+ 38. Kg4 Kxe5 39. Kxg5 Rxd5 40.
f4+ Kd6 41. Rh1 Ne4+ 42. Kg6 Rxf5 43. Kxf5 Ng3+ 44. Kg6 Nxh1 45. g4 Bd4 46. f5
Ke7 47. g5 Bxb2 48. f6+ Bxf6 0-1

[Event "FIDE World Youth U16 Chess Olympiad SLOVAKIA 2016"]
[Site "Poprad Tatry SLOVAKIA"]
[Date "2016.07.27"]
[Round "6"]
[Board "2"]
[White "Giesinger, Elias"]
[Black "Peng, Shunkai"]
[Result "0-1"]
[WhiteElo "2051"]
[BlackElo "1944"]
[PlyCount "178"]
[EventDate "2016.07.22"]
[EventType "team"]
[EventRounds "9"]
[EventCountry "SVK"]
[WhiteTeam "Switzerland"]
[BlackTeam "China 2"]

1. c4 Nf6 2. Nc3 g6 3. d4 Bg7 4. Nf3 O-O 5. Bg5 d6 6. e3 Nbd7 7. Be2 c6 8. O-O
Re8 9. Qc2 Qc7 10. Rfd1 a5 11. a3 e5 12. Rac1 exd4 13. exd4 h6 14. Bh4 Nh5 15.
Bg3 Ndf6 16. b4 axb4 17. axb4 Bf5 18. Qb3 Nxg3 19. hxg3 Re7 20. Nh4 Bg4 21.
Bxg4 Nxg4 22. Nf3 Rae8 23. c5 d5 24. b5 Qd7 25. Qb1 h5 26. Qd3 Qe6 27. Rb1 Qf6
28. Kf1 Bh6 29. Re1 Kg7 30. Rxe7 Qxe7 31. Qe2 Qd7 32. Qd3 Qe7 33. Qe2 Qd8 34.
Qd3 Qa5 35. Re1 Rxe1+ 36. Nxe1 Qa1 37. bxc6 bxc6 38. Ke2 Qb2+ 39. Qc2 Qb4 40.
Qd3 Qb2+ 41. Qc2 Qa1 42. Qd3 Bg5 43. Nd1 Qa2+ 44. Nc2 Bf6 45. Nc3 Qb2 46. Nd1
Qa2 47. Nc3 Qa7 48. Nb4 Qb7 49. Nc2 Nh6 50. Ne3 Qb2+ 51. Qc2 Qb4 52. Nexd5 cxd5
53. Nxd5 Qxd4 54. Nxf6 Qxf6 55. c6 Qe5+ 56. Kf1 Qc7 57. Qb2+ Kf8 58. Qb7 Qd6
59. Ke1 Qe6+ 60. Kd1 Qd5+ 61. Kc1 Qc5+ 62. Kb1 Nf5 63. Qc8+ Kg7 64. c7 Qb6+ 65.
Kc1 Qc6+ 66. Kb1 Ne7 67. Qd8 Qb7+ 68. Kc1 Nc8 69. Kd2 Kh7 70. Qd7 Qb4+ 71. Kd3
Qd6+ 72. Qxd6 Nxd6 73. Kd4 Nb5+ 74. Ke5 Nxc7 75. Kf6 Kg8 76. f4 Kf8 77. f5 Ne8+
78. Kg5 Kg7 79. fxg6 fxg6 80. g4 hxg4 81. Kxg4 Kf6 82. Kf4 Ng7 83. Kg4 Ne6 84.
Kf3 Kf5 85. Kg3 g5 86. Kf3 g4+ 87. Kg3 Kg5 88. Kf2 Kf4 89. g3+ Ke4 0-1

[Event "FIDE World Youth U16 Chess Olympiad SLOVAKIA 2016"]
[Site "Poprad Tatry SLOVAKIA"]
[Date "2016.07.27"]
[Round "6"]
[Board "3"]
[White "Yang, Zicheng"]
[Black "Stijve, Theo"]
[Result "0-1"]
[WhiteElo "1442"]
[BlackElo "2081"]
[PlyCount "56"]
[EventDate "2016.07.22"]
[EventType "team"]
[EventRounds "9"]
[EventCountry "SVK"]
[WhiteTeam "China 2"]
[BlackTeam "Switzerland"]

1. e4 c5 2. Nf3 a6 3. d4 cxd4 4. Nxd4 Nf6 5. Nc3 e5 6. Nb3 Bb4 7. Bd2 Nc6 8. f3
Bxc3 9. Bxc3 d5 10. Bd3 O-O 11. O-O Be6 12. Qe1 Qc7 13. exd5 Nxd5 14. Qh4 h6
15. Bd2 b6 16. c4 Nde7 17. f4 Rad8 18. Rf3 Bf5 19. Bxf5 Nxf5 20. Qh3 Nfd4 21.
Rf2 f5 22. fxe5 Qxe5 23. Bf4 Ne2+ 24. Rxe2 Qxe2 25. Qg3 Rd1+ 26. Rxd1 Qxd1+ 27.
Kf2 Re8 28. Qf3 Qe1# 0-1

[Event "FIDE World Youth U16 Chess Olympiad SLOVAKIA 2016"]
[Site "Poprad Tatry SLOVAKIA"]
[Date "2016.07.27"]
[Round "6"]
[Board "4"]
[White "Meier, Lukas"]
[Black "Liu, Suhui"]
[Result "0-1"]
[WhiteElo "1874"]
[BlackElo "1594"]
[PlyCount "106"]
[EventDate "2016.07.22"]
[EventType "team"]
[EventRounds "9"]
[EventCountry "SVK"]
[WhiteTeam "Switzerland"]
[BlackTeam "China 2"]

1. e4 c5 2. b3 d6 3. Bb2 Nf6 4. Bb5+ Bd7 5. Bxd7+ Nbxd7 6. Nc3 e6 7. f4 Be7 8.
Qf3 O-O 9. Nge2 a6 10. g4 b5 11. h4 Nb6 12. g5 Nfd7 13. Ng3 b4 14. Nce2 d5 15.
h5 c4 16. Qg4 Nc5 17. g6 h6 18. gxf7+ Rxf7 19. Nd4 Qc7 20. f5 e5 21. Ne6 Nxe6
22. fxe6 Rf4 23. Qg6 Qc5 24. Bxe5 Qf2+ 25. Kd1 Qf3+ 26. Kc1 Rg4 27. Qf7+ Qxf7
28. exf7+ Kxf7 29. exd5 Nxd5 30. Re1 Bf6 31. Bxf6 Nxf6 32. a3 Rxg3 33. axb4
cxb3 34. c3 Nxh5 35. Ra5 Nf6 36. Rae5 Re8 37. Kb2 Rxe5 38. Rxe5 Rg5 39. Re2 h5
40. c4 h4 41. c5 Nd5 42. Kxb3 h3 43. Rh2 Rh5 44. Kc4 Nc7 45. d4 Rh4 46. c6 Ne6
47. Kc3 Ke7 48. d5 Nc7 49. Rd2 Nb5+ 50. Kb3 h2 51. c7 Nxc7 52. d6+ Kd7 53.
dxc7+ Kxc7 0-1

[Event "FIDE World Youth U16 Chess Olympiad SLOVAKIA 2016"]
[Site "Poprad Tatry SLOVAKIA"]
[Date "2016.07.27"]
[Round "6"]
[Board "1"]
[White "Hiebert, Kenji"]
[Black "Van Zyl-Rudd, Jack"]
[Result "0-1"]
[WhiteElo "1860"]
[BlackElo "1766"]
[PlyCount "94"]
[EventDate "2016.07.22"]
[EventType "team"]
[EventRounds "9"]
[EventCountry "SVK"]
[WhiteTeam "Japan"]
[BlackTeam "South Africa 2"]

1. e4 c5 2. Nf3 Nc6 3. Bb5 e6 4. O-O Nge7 5. Re1 a6 6. Bf1 d5 7. d3 d4 8. e5
Ng6 9. g3 Qc7 10. Qe2 Be7 11. h4 Nf8 12. Nbd2 Nd7 13. Bh3 O-O 14. Nf1 b5 15.
Bf4 Nb4 16. N1h2 Bb7 17. Ng5 h6 18. Nxf7 Rxf7 19. Bxe6 Qc6 20. Bxf7+ Kxf7 21.
f3 Kg8 22. c4 dxc3 23. bxc3 Nd5 24. Bd2 Qg6 25. Kf2 Rf8 26. a4 N7b6 27. axb5
axb5 28. Ra7 Qc6 29. Raa1 c4 30. d4 b4 31. cxb4 Bxb4 32. Rec1 Bxd2 33. Qxd2 c3
34. Qe2 Nb4 35. Ra3 N6d5 36. Qe4 Qb5 37. Kg1 Nd3 38. Rd1 N5b4 39. Qe2 c2 40.
Rc1 Nxc1 41. Qxb5 Ne2+ 42. Kf2 c1=Q 43. Qxb4 Qg1+ 44. Kxe2 Qxh2+ 45. Kd3 Rxf3+
46. Kc4 Qc2+ 47. Kb5 Qc6+ 0-1

[Event "FIDE World Youth U16 Chess Olympiad SLOVAKIA 2016"]
[Site "Poprad Tatry SLOVAKIA"]
[Date "2016.07.27"]
[Round "6"]
[Board "2"]
[White "Van Der Lingen, Cornelis Petru"]
[Black "Otawa, Yuto"]
[Result "0-1"]
[WhiteElo "1772"]
[BlackElo "1889"]
[PlyCount "54"]
[EventDate "2016.07.22"]
[EventType "team"]
[EventRounds "9"]
[EventCountry "SVK"]
[WhiteTeam "South Africa 2"]
[BlackTeam "Japan"]

1. e4 e6 2. d4 d5 3. e5 c5 4. c3 Qb6 5. Nf3 Nc6 6. a3 f6 7. b4 fxe5 8. dxc5 Qc7
9. Bb5 Nf6 10. O-O Be7 11. Re1 e4 12. Nd4 e5 13. Nb3 O-O 14. c4 d4 15. Bg5 Ng4
16. f3 exf3 17. gxf3 Nxh2 18. Bxc6 bxc6 19. Kxh2 e4+ 20. f4 Bxg5 21. Rxe4 Rxf4
22. Rxf4 Qxf4+ 23. Kg2 Bg4 24. Qd3 Rf8 25. Ra2 Bf3+ 26. Kh3 Qg4+ 27. Kh2 Bf4#
 0-1

[Event "FIDE World Youth U16 Chess Olympiad SLOVAKIA 2016"]
[Site "Poprad Tatry SLOVAKIA"]
[Date "2016.07.27"]
[Round "6"]
[Board "3"]
[White "Osaka, Takuma"]
[Black "Marais, Daniel"]
[Result "1-0"]
[WhiteElo "1888"]
[BlackElo "1771"]
[PlyCount "59"]
[EventDate "2016.07.22"]
[EventType "team"]
[EventRounds "9"]
[EventCountry "SVK"]
[WhiteTeam "Japan"]
[BlackTeam "South Africa 2"]

1. d4 d5 2. c4 e6 3. Nc3 c5 4. cxd5 cxd4 5. Qa4+ Bd7 6. Qxd4 exd5 7. Qxd5 Nc6
8. Nf3 Nf6 9. Qd1 Bc5 10. a3 Qe7 11. Bg5 O-O-O 12. Qc2 Bxf2+ 13. Kxf2 Qc5+ 14.
Ke1 Ng4 15. e4 Rhe8 16. Bd3 f6 17. b4 Qd6 18. Nb5 Qb8 19. Bh4 a6 20. Bg3 Nge5
21. Nxe5 fxe5 22. Nd4 Qa7 23. Nxc6 Bxc6 24. Bf2 Qb8 25. Bxa6 Qc7 26. Rc1 Rd6
27. Be2 Kb8 28. Qc5 Qe7 29. Qa7+ Kc8 30. Bg4+ 1-0

[Event "FIDE World Youth U16 Chess Olympiad SLOVAKIA 2016"]
[Site "Poprad Tatry SLOVAKIA"]
[Date "2016.07.27"]
[Round "6"]
[Board "4"]
[White "Surujhlal, Kayla"]
[Black "Hoshino, Karen"]
[Result "0-1"]
[WhiteElo "1352"]
[BlackElo "1818"]
[PlyCount "74"]
[EventDate "2016.07.22"]
[EventType "team"]
[EventRounds "9"]
[EventCountry "SVK"]
[WhiteTeam "South Africa 2"]
[BlackTeam "Japan"]

1. e4 c5 2. Nf3 d6 3. d4 cxd4 4. Nxd4 Nf6 5. Nc3 a6 6. Bd3 e5 7. Nb3 Be6 8. O-O
Be7 9. Kh1 O-O 10. f4 exf4 11. Bxf4 Nc6 12. Qe1 Ng4 13. Rd1 Bh4 14. Bg3 Bf6 15.
h3 Nge5 16. Nd5 Bxd5 17. exd5 Nxd3 18. Rxd3 Ne5 19. Bxe5 Bxe5 20. c3 Re8 21.
Qd1 Qd7 22. Nd4 g6 23. Rdf3 Re7 24. Qd2 Rae8 25. Qf2 Kg7 26. Qh4 Kg8 27. R3f2
Bg7 28. Nf3 Re4 29. g4 h6 30. Qg3 Re3 31. Qg2 R8e7 32. Rg1 Qb5 33. Qh2 Qxd5 34.
Rgg2 Rxf3 35. Qg1 Rxh3+ 36. Qh2 Re1+ 37. Rf1 Rxf1# 0-1

[Event "FIDE World Youth U16 Chess Olympiad SLOVAKIA 2016"]
[Site "Poprad Tatry SLOVAKIA"]
[Date "2016.07.27"]
[Round "6"]
[Board "1"]
[White "Ng, Chung Lok Andrew"]
[Black "Ihnat, Marek"]
[Result "1-0"]
[WhiteElo "1648"]
[BlackElo "1827"]
[PlyCount "37"]
[EventDate "2016.07.22"]
[EventType "team"]
[EventRounds "9"]
[EventCountry "SVK"]
[WhiteTeam "Hong Kong"]
[BlackTeam "Slovakia KSZ"]

1. e4 c5 2. Nc3 d6 3. g3 Nc6 4. Bg2 g6 5. d3 Bg7 6. Be3 Nf6 7. h3 a6 8. Qd2 b5
9. e5 Bb7 10. exf6 Bxf6 11. Bh6 b4 12. Nd1 Qd7 13. Kf1 Qf5 14. Ne3 Qh5 15. Nd5
O-O-O 16. Nxf6 exf6 17. Bg7 Rhe8 18. Bxf6 Rd7 19. g4 1-0